¿Han funcionado los cambios en la economía mundial? / (Record no. 2729)

000 -CABECERA
fixed length control field 00973nam a22002297a 4500
003 - IDENTIFICADOR DEL NÚMERO DE CONTROL
control field AR-CdUCM
008 - DATOS DE LONGITUD FIJA--INFORMACIÓN GENERAL
fixed length control field 190305b ||||| |||| 00| 0 spa d
020 ## - NÚMERO INTERNACIONAL ESTÁNDAR DEL LIBRO
ISBN 0-88132-116-8
040 ## - FUENTE DE LA CATALOGACIÓN
Agencia/entidad que catalogó originalmente la obra MUNICIPALIDAD PROVINCIAL DEL CUSCO
Entidad que transcribió la catalogación BIBLIOTECA MUNICIPAL DEL CUSCO
082 ## - NÚMERO DE LA CLASIFICACIÓN DECIMAL DEWEY
No. de Clasificación 330.9 /
Notacion interna K84
100 ## - ENTRADA PRINCIPAL--NOMBRE DE PERSONA
Nombre Personal Krugman, Paul R.
245 ## - MENCIÓN DE TÍTULO
Título ¿Han funcionado los cambios en la economía mundial? /
260 ## - PUBLICACIÓN, DISTRIBUCIÓN, ETC.
Lugar de publicación, distribución, etc. México, D.F :
Nombre de la editorial, distribuidor, etc. Gernika,
Fecha de publicación, distribución, etc. 1992.
300 ## - DESCRIPCIÓN FÍSICA
Nº de Páginas Extensión 103 páginas ;
Dimensiones 22 cm.
505 ## - NOTA DE CONTENIDO CON FORMATO
Nota de contenido formateada Contenido: La concepción común sobre el ajuste internacional de la balanza de pagos -- Objeciones a la concepción común -- Implicaciones políticas de los puntos de vista opcionales -- La crónica del ajuste -- El proceso de ajuste internacional: un veredicto.
650 ## - PUNTO DE ACCESO ADICIONAL DE MATERIA--TÉRMINO DE MATERIA
Descriptor Relaciones económicas internacionales
9 (RLIN) 4074
650 ## - PUNTO DE ACCESO ADICIONAL DE MATERIA--TÉRMINO DE MATERIA
Descriptor Balanza comercial-Estados Unidos.
9 (RLIN) 9552
650 ## - PUNTO DE ACCESO ADICIONAL DE MATERIA--TÉRMINO DE MATERIA
Descriptor Balanza de pagos
9 (RLIN) 9553
942 ## - ELEMENTOS DE PUNTO DE ACCESO ADICIONAL (KOHA)
Fuente de clasificación
Tipo de item Libros-BMC
945 ## - PROCESAMIENTO DE INFORMACIÓN LOCAL (OCLC)
Catalogador zta
Holdings
Estado de retiro (separado) Fuente de clasificación o esquema de estanterías Estado dañado Ubicación Sala donde se ubica Nombre de la colección Fecha de adquisición o compra Costo, precio normal en soles Signatura topográfica Código de Barras Última vez visto (Koha) Tipo de ítem (Koha)
No     Sala Humanidades Sala Humanidades Book Cart 2019-03-05 19.00 330.9 / K84 SH0000003208 2019-03-05 Libros-BMC
No     Sala Humanidades Sala Humanidades Book Cart 2019-03-08 15.00 330.9 / K84 /e.2 SH0000004602 2019-03-08 Libros-BMC

Powered by Koha